Associe les paroles à la chanson de Pierre Garnier - Statistiques

Statistiques générales
  • Ce quiz a été pris 1 112 fois
  • Le résultat moyen est 8 sur 12
Statistiques - réponses
Hint Réponse % Correct
J'vais pas te retenir, j'lai déjà fait trop de fois, et comme dernier souvenir, je n'veux pas de celui-là Ceux qu'on était
95%
J'ai parcouru le monde, j'ai traversé les années sans jamais t'oublier, et j'ai vécu ______ _______ Chaque seconde
85%
Donc vas-y taille la, taille la route mon cœur, et je ne verserai ___ ___ _____ en ton honneur Pas une larme
85%
Et toi t'es là même quand j'ai peur, ta main dans la mienne et je repars, dans ton regard j'me sens plus fort A mes côtés
84%
Et quand j'appelle ce soir, tu m'réponds dans le noir, tu dis qu'il est trop tard pour aller mieux, pour avancer Nous on sait
83%
Et je cherche sur la Terre la raison, la raison, l'endroit, le repère, _ _______ L'horizon
81%
Dis-moi pourquoi personne dit, ils eurent une histoire d'amis et s'aimèrent jusqu'à la fin Tout en mieux
77%
Un peu de moi, juste là, comme si j'avais attendu ça toute ma vie Ce qui me va
57%
Et quand c'est trop j'me sens pas beau, tout me paraît faux, c'est pas leur faute, j'veux pas être un autre Les mots
55%
ça fait longtemps, et je n'sais pas si tu m'entends, tu te reposes et j'avais des choses à comprendre Comment faire
52%
Parfois j'ai mal, j'suis pas normal, j'vois ma vie s'échapper et ça me fait défaut Sur pause
49%
J'aimerais savoir c'qui m'arrive, j'suis un peu perdu, j'pensais que c'était fini y'avait trop d'ratures Comme toi
46%
Aucun quiz correspondant
Distribution des résultats
% des personnes avec chaque résultat
Percentile par nombre de réponses
Votre historique - résultats
Vous n’avez pas pris ce quiz